Viinaiyai Nii Enakku / (Record no. 179527)

MARC details
000 -LEADER
fixed length control field 00905nam a22002771i 4500
005 - DATE AND TIME OF LATEST TRANSACTION
control field 20201015145418.0
008 - FIXED-LENGTH DATA ELEMENTS--GENERAL INFORMATION
fixed length control field 201015s2018 ii |||e ||| 000 f tam d
020 ## - INTERNATIONAL STANDARD BOOK NUMBER
Terms of availability RM 81.20
Qualifying information paperback
040 ## - CATALOGING SOURCE
Original cataloging agency PPAK
Language of cataloging eng
Transcribing agency PPAK
Description conventions rda
082 04 - DEWEY DECIMAL CLASSIFICATION NUMBER
Edition number 23
Classification number 894.9113
090 00 - LOCALLY ASSIGNED LC-TYPE CALL NUMBER (OCLC); LOCAL CALL NUMBER (RLIN)
Classification number (OCLC) (R) ; Classification number, CALL (RLIN) (NR) 894.9113
Feature heading MUR
Feature heading G
100 1# - MAIN ENTRY--PERSONAL NAME
Linkage 880-01
Personal name Murali, Sashi
Relator term author.
245 10 - TITLE STATEMENT
Linkage 880-02
Title Viinaiyai Nii Enakku /
Statement of responsibility, etc. Sashi Murali
264 #1 - PRODUCTION, PUBLICATION, DISTRIBUTION, MANUFACTURE, AND COPYRIGHT NOTICE
Place of production, publication, distribution, manufacture Chennai, India :
Name of producer, publisher, distributor, manufacturer MS Publications ,
Date of production, publication, distribution, manufacture, or copyright notice 2018.
300 ## - PHYSICAL DESCRIPTION
Extent 3 volume (480 pages, 480 pages, 528 pages) ;
Dimensions 18 cm.
336 ## - CONTENT TYPE
Source rdacontent
Content type term text
337 ## - MEDIA TYPE
Source rdamedia
Media type term unmediated
338 ## - CARRIER TYPE
Source rdacarrier
Carrier type term volume
546 ## - LANGUAGE NOTE
Language note In Tamil.
650 10 - SUBJECT ADDED ENTRY--TOPICAL TERM
Topical term or geographic name entry element Man-woman relationships
General subdivision fiction.
Topical term or geographic name entry element Tamil fiction.
655 ## - INDEX TERM--GENRE/FORM
Genre/form data or focus term Romance fiction
880 1# - ALTERNATE GRAPHIC REPRESENTATION
Linkage 100-01
a முரளி, சஷி
Linkage 245-02
a வீணையடி நீ எனக்கு...
942 ## - ADDED ENTRY ELEMENTS (KOHA)
Source of classification or shelving scheme Dewey Decimal Classification
Koha item type Book
Holdings
Withdrawn Not for loan Current library Shelving location Date acquired Serial Enumeration / chronology Total Checkouts Total Renewals Full call number Barcode Date last seen Date last checked out Koha item type
    Perpustakaan Alor Setar Pinjaman Dewasa 10/11/2020 Part 1 1 1 894.9113 MUR A01660617 13/09/2023 07/08/2023 Book
    Perpustakaan Alor Setar Pinjaman Dewasa 10/11/2020 Part 2 1 1 894.9113 MUR A01660619 13/09/2023 07/08/2023 Book
    Perpustakaan Alor Setar Pinjaman Dewasa 10/11/2020 Part 3 1 1 894.9113 MUR A01660621 13/09/2023 07/08/2023 Book
    Perpustakaan Kulim Pinjaman Dewasa 10/11/2020 Part 1 9 3 894.9113 MUR A01660618 06/12/2025 26/10/2025 Book
    Perpustakaan Kulim Pinjaman Dewasa 10/11/2020 Part 2 9 3 894.9113 MUR A01660620 06/12/2025 26/10/2025 Book